[Event "Bad Woerishofen op"]
[Site "?"]
[Date "2000.??.??"]
[Round "1"]
[White "Antusch, Ingrid"]
[Black "Wieprecht, Gerhard"]
[Result "0-1"]
[WhiteElo "1550"]
[BlackElo "1855"]
[Annotator "ChessOrg"]
[PlyCount "46"]
[EventDate "2000.??.??"]
[Source "ChessBase"]
[SourceDate "1998.04.29"]

1. f4 d5 2. Nf3 Nf6 3. e3 g6 4. d4 Bg7 5. Bd3 O-O 6. Nbd2 c5 7. c3 Nc6 8. O-O
cxd4 9. exd4 Bg4 10. Qe1 Re8 11. Qh4 h6 12. Ne5 Be6 13. f5 Bxf5 14. Bxf5 gxf5
15. Rxf5 e6 16. Nxc6 bxc6 17. Rf4 e5 18. dxe5 Rxe5 19. Nf3 Rh5 20. Qg3 Ne4 21.
Qg4 Qb6+ 22. Kh1 Nf2+ 23. Kg1 Nxg4+ 0-1

[Event "Bad Woerishofen op"]
[Site "?"]
[Date "2000.??.??"]
[Round "4"]
[White "Antusch, Ingrid"]
[Black "Schumacher, Horst"]
[Result "0-1"]
[WhiteElo "1550"]
[BlackElo "1750"]
[Annotator "ChessOrg"]
[PlyCount "44"]
[EventDate "2000.??.??"]
[Source "ChessBase"]
[SourceDate "1998.04.29"]

1. f4 e5 2. fxe5 d6 3. exd6 Bxd6 4. Nf3 Nf6 5. d4 O-O 6. Bg5 Re8 7. Nc3 h6 8.
Bh4 Bf5 9. Qd2 c6 10. O-O-O Nbd7 11. e3 Qa5 12. Bc4 Bb4 13. Bf2 Ne4 14. Qe1
Nxc3 15. bxc3 Qa3+ 16. Kb1 Bxc3 17. Qxc3 Qxc3 18. Bb3 a5 19. Be1 Qxe3 20. Bd2
Qe7 21. a4 Qa3 22. Bc1 Qxb3+ 0-1

[Event "Bad Woerishofen op"]
[Site "?"]
[Date "2000.??.??"]
[Round "7"]
[White "Antusch, Ingrid"]
[Black "Vogel, Gerhard"]
[Result "1-0"]
[WhiteElo "1550"]
[BlackElo "1512"]
[Annotator "ChessOrg"]
[PlyCount "137"]
[EventDate "2000.??.??"]
[Source "ChessBase"]
[SourceDate "1998.04.29"]

1. f4 Nf6 2. Nf3 d6 3. e3 c6 4. d4 Bg4 5. Bd3 g6 6. O-O Bg7 7. Qe1 Nbd7 8. e4
Nb6 9. c3 Qc7 10. Qh4 Bd7 11. e5 dxe5 12. fxe5 Nfd5 13. Bd2 Qd8 14. Ng5 f6 15.
e6 f5 16. Nf7 Bf6 17. Qxf6 Nxf6 18. Nxd8 Rxd8 19. exd7+ Rxd7 20. Bf4 O-O 21.
Be5 Ng4 22. Re1 Kf7 23. Nd2 e6 24. Nf3 h6 25. Bf4 g5 26. Bxg5 hxg5 27. Nxg5+
Kg6 28. Nxe6 Rh8 29. h3 Nh6 30. Rf1 Rd6 31. Rae1 Nd5 32. a3 Kf6 33. Nf4 Nxf4
34. Rxf4 Rg8 35. Re5 Rg5 36. Rh4 Nf7 37. Re2 Rd8 38. Bc4 Nd6 39. Bd3 b5 40. Kf2
Rdg8 41. Rh6+ R5g6 42. Rxg6+ Rxg6 43. Kf3 Kg5 44. g3 Rf6 45. Re5 Nc4 46. h4+
Kg6 47. Bxc4 bxc4 48. Rc5 Kh5 49. Kf4 Kg6 50. Rxc4 Re6 51. a4 Re4+ 52. Kf3 Re6
53. Rc5 Kf6 54. Ra5 Re7 55. Ra6 Rc7 56. b4 Ke6 57. Kf4 Kd7 58. Kxf5 Rb7 59. g4
Kc7 60. h5 Kd6 61. b5 Rf7+ 62. Kg5 Kd5 63. Rxc6 Rg7+ 64. Kh4 Ke4 65. g5 Rf7 66.
h6 Rf4+ 67. Kh5 Rf7 68. Kg6 Rd7 69. h7 1-0

[Event "Bad Woerishofen op"]
[Site "?"]
[Date "2000.??.??"]
[Round "8"]
[White "Antusch, Ingrid"]
[Black "Stoll, Richard"]
[Result "1-0"]
[WhiteElo "1550"]
[BlackElo "1696"]
[Annotator "ChessOrg"]
[PlyCount "73"]
[EventDate "2000.??.??"]
[Source "ChessBase"]
[SourceDate "1998.04.29"]

1. d4 g6 2. e3 Bg7 3. Bd3 d6 4. f4 f5 5. Nf3 Nf6 6. Nbd2 O-O 7. O-O h6 8. c4 b6
9. Qe2 Bb7 10. b3 Nbd7 11. Bb2 Re8 12. e4 fxe4 13. Nxe4 Nxe4 14. Bxe4 Bxe4 15.
Qxe4 Kh7 16. Nh4 Nf8 17. f5 d5 18. fxg6+ Kh8 19. Qf4 e6 20. Rae1 Qe7 21. cxd5
Qd6 22. Qxd6 cxd6 23. dxe6 Nxe6 24. Nf5 Ng5 25. Nxd6 Rxe1 26. Rxe1 Kg8 27. Re8+
Rxe8 28. Nxe8 Bf8 29. d5 Ne4 30. Nf6+ Nxf6 31. Bxf6 Bd6 32. g4 a6 33. Kf2 Bxh2
34. Ke3 Kf8 35. Ke4 Ke8 36. Kf5 Bd6 37. Ke6 1-0

[Event "Bad Woerishofen op"]
[Site "?"]
[Date "2000.??.??"]
[Round "2"]
[White "Bakalarozyk, Wtodzim"]
[Black "Harke, Horst"]
[Result "1-0"]
[WhiteElo "2000"]
[BlackElo "1726"]
[Annotator "ChessOrg"]
[PlyCount "91"]
[EventDate "2000.??.??"]
[Source "ChessBase"]
[SourceDate "1998.04.29"]

1. d4 d5 2. c4 Nf6 3. Nc3 e6 4. Bg5 Be7 5. cxd5 Nxd5 6. Bxe7 Qxe7 7. e4 Nxc3 8.
bxc3 Nd7 9. Nf3 O-O 10. Bd3 c5 11. O-O cxd4 12. cxd4 b6 13. Rc1 Rd8 14. Rc7 Qa3
15. Qc2 Ba6 16. Bxa6 Qxa6 17. Rc1 h6 18. h3 Nf6 19. a4 Nh5 20. g3 Nf6 21. Kg2
b5 22. axb5 Qxb5 23. Rb1 Qe8 24. Rbb7 Rd7 25. Rxd7 Nxd7 26. Qc7 Nf6 27. Ne5
Nxe4 28. Nxf7 Qf8 29. Nxh6+ Kh7 30. Ng4 Ng5 31. Qc2+ Qf5 32. Qxf5+ exf5 33. Ne3
Kg6 34. Rb5 Rf8 35. Ra5 f4 36. gxf4 Rxf4 37. Rxa7 Rxd4 38. Rxg7+ Kf6 39. Rg8
Rh4 40. Ng4+ Kf5 41. Ne3+ Kf6 42. Nd5+ Kf5 43. Ne7+ Kf6 44. Rg6+ Kxe7 45. Rxg5
Kf6 46. Ra5 1-0

[Event "Bad Woerishofen op"]
[Site "?"]
[Date "2000.??.??"]
[Round "4"]
[White "Bakalarozyk, Wtodzim"]
[Black "Dinser, Hans"]
[Result "1/2-1/2"]
[WhiteElo "2000"]
[BlackElo "1939"]
[Annotator "ChessOrg"]
[PlyCount "67"]
[EventDate "2000.??.??"]
[Source "ChessBase"]
[SourceDate "1998.04.29"]

1. d4 d5 2. c4 c6 3. Nf3 Nf6 4. Nc3 e6 5. cxd5 exd5 6. Bg5 Be7 7. Qc2 h6 8. Bh4
Bg4 9. Ne5 Bh5 10. e3 Nbd7 11. f4 Nxe5 12. fxe5 Ne4 13. Bxe7 Qxe7 14. Nxe4 dxe4
15. a3 Qh4+ 16. g3 Qg4 17. Bg2 Bg6 18. O-O O-O 19. Rf4 Qg5 20. Bxe4 Bxe4 21.
Qxe4 Rae8 22. Qf3 Qg6 23. Rf1 Re7 24. Kg2 c5 25. Qd5 cxd4 26. exd4 Qb6 27. R1f2
Rd8 28. Qf3 Qe6 29. Rd2 Red7 30. Qc3 Qd5+ 31. Kg1 g5 32. Rg4 Qe6 33. Re4 f5 34.
Re1 1/2-1/2

[Event "Bad Woerishofen op"]
[Site "?"]
[Date "2000.??.??"]
[Round "6"]
[White "Bakalarozyk, Wtodzim"]
[Black "Niebuhr, Gerd"]
[Result "0-1"]
[WhiteElo "2000"]
[BlackElo "1833"]
[Annotator "ChessOrg"]
[PlyCount "78"]
[EventDate "2000.??.??"]
[Source "ChessBase"]
[SourceDate "1998.04.29"]

1. d4 Nf6 2. c4 g6 3. Nc3 d5 4. e3 Bg7 5. g3 O-O 6. Bg2 dxc4 7. Qa4 c5 8. d5
Nbd7 9. Qxc4 Ne5 10. Qe2 c4 11. h3 e6 12. e4 exd5 13. exd5 Nd3+ 14. Kf1 Bf5 15.
Qd1 Re8 16. Nge2 Qb6 17. Be3 Rxe3 18. Na4 Rxe2 19. Nxb6 Rxf2+ 20. Kg1 axb6 21.
g4 Be4 22. Bxe4 Nxe4 23. Rh2 Rxh2 24. Kxh2 Bxb2 25. Rb1 Be5+ 26. Kg2 Rxa2+ 27.
Kf3 Nc3 28. Qg1 Nxb1 29. Qxb1 Rb2 30. Qd1 b5 31. h4 h6 32. Ke3 Nc5 33. Qg1 c3
34. Kf3 b6 35. Qc1 c2 36. d6 Rb3+ 37. Ke2 Rc3 38. h5 g5 39. d7 Nxd7 0-1

[Event "Bad Woerishofen op"]
[Site "?"]
[Date "2000.??.??"]
[Round "8"]
[White "Bakalarozyk, Wtodzim"]
[Black "Ganslmayer, Herbert"]
[Result "1/2-1/2"]
[WhiteElo "2000"]
[BlackElo "1770"]
[Annotator "ChessOrg"]
[PlyCount "46"]
[EventDate "2000.??.??"]
[Source "ChessBase"]
[SourceDate "1998.04.29"]

1. d4 d5 2. c4 e6 3. Nc3 f5 4. cxd5 exd5 5. g3 Nf6 6. Bg2 c6 7. Nh3 Bd6 8. O-O
O-O 9. Bf4 Na6 10. Re1 Nc7 11. e3 Be6 12. Ng5 Bf7 13. Nxf7 Rxf7 14. Qf3 Qe7 15.
Bg5 Raf8 16. Qxf5 h6 17. Bf4 Ne4 18. Bxd6 Qxd6 19. Nxe4 dxe4 20. Qxe4 Rxf2 21.
Rf1 Rxb2 22. Rxf8+ Qxf8 23. Rf1 Qe8 1/2-1/2

[Event "Bad Woerishofen op"]
[Site "?"]
[Date "2000.??.??"]
[Round "2"]
[White "Bartlitz, Heinz"]
[Black "Gruenke, Guenter"]
[Result "1/2-1/2"]
[WhiteElo "1614"]
[BlackElo "1786"]
[Annotator "ChessOrg"]
[PlyCount "56"]
[EventDate "2000.??.??"]
[Source "ChessBase"]
[SourceDate "1998.04.29"]

1. c4 e5 2. Nc3 Nf6 3. g3 d5 4. cxd5 Nxd5 5. Bg2 c6 6. Nf3 Nd7 7. d4 Bb4 8. Bd2
Nxc3 9. Bxc3 Qa5 10. Qc2 exd4 11. Nxd4 Bxc3+ 12. bxc3 Nf6 13. O-O O-O 14. Rfd1
Rb8 15. Rab1 Bd7 16. h3 g6 17. Qd2 Kg7 18. c4 Qxd2 19. Rxd2 c5 20. Nb5 Bxb5 21.
Rxb5 b6 22. e4 Rbd8 23. Rbb2 Rfe8 24. e5 Ng8 25. f4 h5 26. Bc6 Rxd2 27. Rxd2
Re7 28. Kf2 Rc7 1/2-1/2

[Event "Bad Woerishofen op"]
[Site "?"]
[Date "2000.??.??"]
[Round "4"]
[White "Bartlitz, Heinz"]
[Black "Knab, Horst"]
[Result "1-0"]
[WhiteElo "1614"]
[BlackElo "1556"]
[Annotator "ChessOrg"]
[PlyCount "87"]
[EventDate "2000.??.??"]
[Source "ChessBase"]
[SourceDate "1998.04.29"]

1. c4 Nf6 2. Nc3 g6 3. Nf3 Bg7 4. d4 d6 5. g3 Nbd7 6. Bg2 c6 7. O-O O-O 8. e4
e5 9. d5 Nb6 10. b3 Bd7 11. Ne1 c5 12. Qc2 Qe7 13. f4 Nh5 14. f5 g5 15. Qe2 Nf6
16. Bxg5 h6 17. Bh4 Qe8 18. Nd3 Kh7 19. Nf2 Ng8 20. f6 Bxf6 21. Bxf6 Nxf6 22.
Qf3 Qe7 23. Nh3 Ng8 24. Nf2 f5 25. Bh3 Qg5 26. Bxf5+ Bxf5 27. exf5 Rxf5 28. Nh3
Rxf3 29. Nxg5+ hxg5 30. Rxf3 Nh6 31. h3 Rg8 32. g4 Rg7 33. Raf1 Nc8 34. Rf6 a6
35. a4 Rg6 36. Ne4 Rxf6 37. Rxf6 Kg7 38. Re6 Nf7 39. Re8 Nb6 40. Rb8 Nd7 41.
Rxb7 Nf6 42. Nxd6 Kg6 43. Nxf7 e4 44. Kf2 1-0

[Event "Bad Woerishofen op"]
[Site "?"]
[Date "2000.??.??"]
[Round "6"]
[White "Bartlitz, Heinz"]
[Black "Jacobsen, Waldfried"]
[Result "1-0"]
[WhiteElo "1614"]
[BlackElo "1057"]
[Annotator "ChessOrg"]
[PlyCount "53"]
[EventDate "2000.??.??"]
[Source "ChessBase"]
[SourceDate "1998.04.29"]

1. c4 Nc6 2. Nc3 e5 3. g3 d6 4. Bg2 Bd7 5. Nf3 f6 6. d4 Qc8 7. O-O Bh3 8. e3
Nge7 9. Nb5 a6 10. Bxh3 f5 11. Nc3 h6 12. dxe5 Ng6 13. a3 Be7 14. exd6 cxd6 15.
Qd5 Rf8 16. e4 Nge5 17. Nxe5 Nxe5 18. b3 g5 19. Bxf5 Qc7 20. f4 Nd7 21. fxg5
hxg5 22. Bxg5 Nb6 23. Bg6+ Kd7 24. Bf5+ Ke8 25. Qe6 Nc8 26. Bg6+ Kd8 27. Rxf8#
1-0

[Event "Bad Woerishofen op"]
[Site "?"]
[Date "2000.??.??"]
[Round "7"]
[White "Bartlitz, Heinz"]
[Black "Josting, Friedel"]
[Result "0-1"]
[WhiteElo "1614"]
[BlackElo "1790"]
[Annotator "ChessOrg"]
[PlyCount "120"]
[EventDate "2000.??.??"]
[Source "ChessBase"]
[SourceDate "1998.04.29"]

1. c4 c5 2. Nc3 Nc6 3. g3 g6 4. Bg2 Bg7 5. Nf3 e6 6. d3 Nge7 7. O-O O-O 8. a3
a6 9. Rb1 Rb8 10. Ne4 d6 11. b4 f5 12. Ned2 cxb4 13. axb4 b5 14. Ne1 bxc4 15.
Nxc4 d5 16. Ne3 Rxb4 17. Rxb4 Nxb4 18. Qa4 Nec6 19. N1c2 Nxc2 20. Nxc2 Ne5 21.
Bb2 Qb6 22. Bd4 Qb7 23. Qa1 Nc6 24. Bxg7 Qxg7 25. Rb1 Qa7 26. e3 Bd7 27. Nb4
Nxb4 28. Rxb4 Qc5 29. Qb2 Bb5 30. Bf1 Rc8 31. Kg2 Kf7 32. d4 Bxf1+ 33. Kxf1
Qc1+ 34. Qxc1 Rxc1+ 35. Ke2 Rc7 36. Kf3 Kf6 37. h4 h6 38. Rb8 Ra7 39. Rf8+ Kg7
40. Re8 Kf6 41. Rf8+ Kg7 42. Re8 a5 43. Rxe6 a4 44. Rb6 a3 45. Rb1 a2 46. Ra1
Kf6 47. g4 Ra3 48. Kf4 g5+ 49. hxg5+ hxg5+ 50. Kf3 fxg4+ 51. Kxg4 Kg6 52. e4
dxe4 53. d5 Kf6 54. d6 Ra5 55. f4 exf3 56. Kxf3 Ke6 57. Ke3 Kxd6 58. Kd3 Kd5
59. Kc3 Ke4 60. Kb2 Kf3 0-1

[Event "Bad Woerishofen op"]
[Site "Bad Woerishofen"]
[Date "2000.??.??"]
[Round "9"]
[White "Bartlitz, Heinz"]
[Black "Finzer, Lothar"]
[Result "0-1"]
[WhiteElo "1614"]
[BlackElo "1800"]
[Annotator "ChessOrg"]
[PlyCount "72"]
[EventDate "1998.03.05"]
[Source "ChessBase"]
[SourceDate "1998.04.29"]

1. c4 c5 2. Nc3 b6 3. e4 Bb7 4. d3 e6 5. Nge2 d5 6. b3 d4 7. Na4 Bd6 8. g3 Ne7
9. Bg2 O-O 10. f4 f5 11. O-O fxe4 12. dxe4 e5 13. f5 Bc6 14. Nb2 Nd7 15. Bg5
Nf6 16. Qc2 Qc7 17. Rae1 Qb7 18. Nc1 h6 19. Bxf6 Rxf6 20. Ncd3 Raf8 21. Nf2
Nxf5 22. exf5 Bxg2 23. Ne4 Bxe4 24. Qxe4 Qxe4 25. Rxe4 Rxf5 26. Rxf5 Rxf5 27.
Kg2 Rf7 28. Nd3 Re7 29. Kf3 Kf7 30. Ne1 Kg6 31. Nd3 Rf7+ 32. Kg2 Kf5 33. Re1 e4
34. g4+ Kxg4 35. Rxe4+ Kf5 36. Re2 Re7 0-1

[Event "Bad Woerishofen op"]
[Site "?"]
[Date "2000.??.??"]
[Round "2"]
[White "Barlo, Werner"]
[Black "Weber, Gerhard"]
[Result "1/2-1/2"]
[WhiteElo "1705"]
[BlackElo "1824"]
[Annotator "ChessOrg"]
[PlyCount "122"]
[EventDate "2000.??.??"]
[Source "ChessBase"]
[SourceDate "1998.04.29"]

1. c4 Nf6 2. Nc3 g6 3. g3 Bg7 4. Bg2 O-O 5. d3 e5 6. e4 d6 7. Nge2 Nc6 8. O-O
Nh5 9. Be3 f5 10. f4 Nf6 11. Re1 Ng4 12. Bd2 exf4 13. Bxf4 Nd4 14. h3 Nxe2+ 15.
Nxe2 Nf6 16. Qd2 fxe4 17. dxe4 Qe8 18. Nc3 a6 19. g4 Rb8 20. Rab1 Nd7 21. Nd5
Ne5 22. b3 Rf7 23. Bg5 Be6 24. Rf1 Qd7 25. Nf6+ Bxf6 26. Rxf6 Rbf8 27. Rbf1 Kg7
28. Rxf7+ Rxf7 29. Rxf7+ Kxf7 30. Qf4+ Ke8 31. Qf6 Nf7 32. Bh4 g5 33. Bxg5 Nxg5
34. Qxg5 Qf7 35. e5 d5 36. cxd5 Bxd5 37. Bxd5 Qxd5 38. Qh5+ Kf8 39. Qf5+ Ke8
40. Qc8+ Qd8 41. Qxb7 Qd4+ 42. Kg2 Qd2+ 43. Kg3 Qe3+ 44. Kh4 Qh6+ 45. Kg3 Qe3+
46. Qf3 Qxe5+ 47. Kg2 Qb2+ 48. Qf2 Qe5 49. a4 h5 50. Qf3 h4 51. Kf2 Qh2+ 52.
Kf1 Kd7 53. Qd5+ Kc8 54. Qe6+ Kb8 55. Qe8+ Kb7 56. Qe4+ Kb8 57. Qf3 Qc2 58.
Qf8+ Kb7 59. Qf3+ Kb8 60. Qf8+ Kb7 61. Qb4+ Kc8 1/2-1/2

[Event "Bad Woerishofen op"]
[Site "?"]
[Date "2000.??.??"]
[Round "4"]
[White "Barlo, Werner"]
[Black "Krueger, Manfred"]
[Result "1-0"]
[WhiteElo "1705"]
[BlackElo "1250"]
[Annotator "ChessOrg"]
[PlyCount "71"]
[EventDate "2000.??.??"]
[Source "ChessBase"]
[SourceDate "1998.04.29"]

1. c4 Nf6 2. Nc3 e6 3. g3 Be7 4. Bg2 c6 5. e4 d6 6. d3 e5 7. Nge2 O-O 8. O-O b6
9. h3 h5 10. f4 Ne8 11. Be3 exf4 12. Nxf4 h4 13. g4 Bb7 14. Qd2 Nd7 15. Rf2 Nc7
16. Raf1 Bg5 17. Nce2 Ne5 18. b3 c5 19. Nh5 Bxe3 20. Qxe3 Bc8 21. Qd2 Qe7 22.
Nc3 Rb8 23. Nd5 Nxd5 24. exd5 Qd8 25. Be4 f6 26. Nf4 g5 27. Nh5 Nd7 28. Bf5 Qe7
29. Bxd7 Bxd7 30. Rxf6 Qe5 31. R1f5 Qd4+ 32. Kg2 Kh7 33. Qxg5 Qb2+ 34. Kf3 Qxf6
35. Nxf6+ Rxf6 36. Rxf6 1-0

[Event "Bad Woerishofen op"]
[Site "?"]
[Date "2000.??.??"]
[Round "5"]
[White "Barlo, Werner"]
[Black "Morger, Karl-Heinz"]
[Result "1/2-1/2"]
[WhiteElo "1705"]
[BlackElo "1815"]
[Annotator "ChessOrg"]
[PlyCount "52"]
[EventDate "2000.??.??"]
[Source "ChessBase"]
[SourceDate "1998.04.29"]

1. c4 g6 2. Nc3 c5 3. g3 Bg7 4. Bg2 Nc6 5. e4 e5 6. Nge2 Nge7 7. O-O O-O 8. d3
d6 9. Be3 Nd4 10. h3 f5 11. f4 Rb8 12. Rb1 a5 13. Kh2 Bd7 14. a4 Kh8 15. b3 Qc8
16. Bd2 b6 17. Nxd4 exd4 18. Nd5 Re8 19. Nxe7 Rxe7 20. exf5 Bxf5 21. Qf3 h5 22.
Rbe1 Rbb7 23. Re2 Qe8 24. Rfe1 Rbc7 25. Bf1 Bc8 26. Rxe7 Rxe7 1/2-1/2

[Event "Bad Woerishofen op"]
[Site "?"]
[Date "2000.??.??"]
[Round "7"]
[White "Barlo, Werner"]
[Black "Frantzke, Helmut"]
[Result "1/2-1/2"]
[WhiteElo "1705"]
[BlackElo "1869"]
[Annotator "ChessOrg"]
[PlyCount "69"]
[EventDate "2000.??.??"]
[Source "ChessBase"]
[SourceDate "1998.04.29"]

1. c4 g6 2. g3 Nc6 3. Nc3 d6 4. Bg2 e5 5. e4 Nd4 6. d3 Bg7 7. Be3 Ne7 8. Nge2
Bg4 9. h3 Bf3 10. O-O O-O 11. Bxf3 Nxf3+ 12. Kg2 Nd4 13. Qd2 f5 14. f4 c6 15.
Rab1 a5 16. b3 Rb8 17. fxe5 dxe5 18. Bg5 Ne6 19. Be3 Qd7 20. Na4 Rbd8 21. Rbd1
Nd4 22. Nxd4 exd4 23. Bf4 b5 24. Nc5 Qc8 25. Qxa5 bxc4 26. bxc4 fxe4 27. dxe4
h6 28. Bc7 Rxf1 29. Rxf1 Re8 30. Bd6 g5 31. Qa7 Bf8 32. e5 Nf5 33. Rf2 Bxd6 34.
exd6 Nxd6 35. Nd7 1/2-1/2

[Event "Bad Woerishofen op"]
[Site "Bad Woerishofen"]
[Date "2000.??.??"]
[Round "9"]
[White "Barlo, Werner"]
[Black "Hahner, Anton"]
[Result "1/2-1/2"]
[WhiteElo "1705"]
[BlackElo "1800"]
[Annotator "ChessOrg"]
[PlyCount "47"]
[EventDate "1998.03.05"]
[Source "ChessBase"]
[SourceDate "1998.04.29"]

1. c4 c5 2. g3 Nc6 3. Nc3 g6 4. Bg2 Bg7 5. e4 d6 6. d3 Nf6 7. Nge2 O-O 8. O-O
Bd7 9. h3 a6 10. Be3 h5 11. Qd2 Qc8 12. Kh2 Kh7 13. Rab1 Rb8 14. f4 b5 15. b3
b4 16. Nd5 Nxd5 17. cxd5 Na7 18. d4 Nb5 19. dxc5 dxc5 20. e5 Na3 21. Rbc1 c4
22. bxc4 Nxc4 23. Qd3 Bb5 24. Qb3 1/2-1/2

[Event "Bad Woerishofen op"]
[Site "?"]
[Date "2000.??.??"]
[Round "1"]
[White "Becka, Yaromir"]
[Black "Litterst, Reinhard"]
[Result "0-1"]
[WhiteElo "1666"]
[BlackElo "1940"]
[Annotator "ChessOrg"]
[PlyCount "102"]
[EventDate "2000.??.??"]
[Source "ChessBase"]
[SourceDate "1998.04.29"]

1. d4 Nf6 2. c4 d6 3. Qc2 g6 4. e4 Bg7 5. h3 c6 6. Bd3 e5 7. dxe5 dxe5 8. Nf3
Qc7 9. O-O O-O 10. b3 a5 11. Bb2 Re8 12. Nbd2 Nh5 13. Rad1 Na6 14. a3 Nf4 15.
Nb1 Nc5 16. Ne1 Qe7 17. Bc1 Nce6 18. Be3 Nd4 19. Bxd4 exd4 20. Nf3 Qf6 21. Rfe1
Nxh3+ 22. Kf1 Ng5 23. Nxg5 Qxg5 24. Nd2 Qh5 25. Nf3 Bg4 26. Ke2 Qg5 27. Qd2 Qf6
28. Rh1 h5 29. Bc2 Re7 30. Qd3 Rae8 31. Qd2 b6 32. Bd3 c5 33. a4 Kh7 34. Rde1
Bh6 35. Qc2 Qf4 36. Kf1 Bxf3 37. gxf3 Qxf3 38. Rg1 f5 39. Rg3 Qh1+ 40. Ke2
Rxe4+ 41. Bxe4 Rxe4+ 42. Qxe4 Qxe4+ 43. Kf1 Qh1+ 44. Rg1 Qh3+ 45. Rg2 Bg5 46.
Kg1 Qc3 47. Rf1 Kh6 48. f4 Qe3+ 49. Kh1 Bxf4 50. Rgf2 Qh3+ 51. Kg1 Be3 0-1

[Event "Bad Woerishofen op"]
[Site "?"]
[Date "2000.??.??"]
[Round "3"]
[White "Becka, Yaromir"]
[Black "Homes, Helmut"]
[Result "0-1"]
[WhiteElo "1666"]
[BlackElo "1839"]
[Annotator "ChessOrg"]
[PlyCount "138"]
[EventDate "2000.??.??"]
[Source "ChessBase"]
[SourceDate "1998.04.29"]

1. d4 d5 2. c4 e6 3. e3 Nf6 4. a3 c5 5. dxc5 Bxc5 6. b4 Be7 7. c5 O-O 8. Qc2
Qc7 9. Bd3 a5 10. Bb2 Nbd7 11. Nf3 e5 12. e4 dxe4 13. Bxe4 Nxe4 14. Qxe4 Bf6
15. O-O Re8 16. Nc3 Bd8 17. Nb5 Qc6 18. Qxc6 bxc6 19. Nd6 Re6 20. Rfe1 Bf6 21.
Rad1 Ba6 22. Ne4 Nf8 23. Nxf6+ gxf6 24. Nh4 axb4 25. axb4 Bb5 26. Nf5 Ra4 27.
Bc3 Ra3 28. Re3 Ra8 29. Rg3+ Ng6 30. h4 h5 31. Rd7 Kf8 32. Nd6 Re7 33. Rxe7
Nxe7 34. Rf3 Nd5 35. Nxb5 cxb5 36. Bd2 Ke7 37. Rf5 Ra2 38. Be1 Ra1 39. Kf1 Nf4
40. g3 Nd3 41. Ke2 Nxe1 42. Rxh5 Nc2 43. Rh8 Nxb4 44. Rb8 Ra2+ 45. Kf1 Nd3 46.
Rxb5 Rxf2+ 47. Kg1 Rc2 48. h5 Kf8 49. h6 Kg8 50. Rb6 Rxc5 51. Rxf6 Rc7 52. g4
Kh7 53. Kg2 Re7 54. Kf3 e4+ 55. Ke3 Ne5 56. Rf4 Kxh6 57. Rxe4 Nxg4+ 58. Kf4
Rxe4+ 59. Kxe4 Kg5 60. Kf3 f5 61. Kg3 f4+ 62. Kf3 Ne5+ 63. Kf2 Kg4 64. Kg2 f3+
65. Kf2 Kf4 66. Kf1 Ke3 67. Ke1 f2+ 68. Kf1 Nd3 69. Kg2 Ke2 0-1

[Event "Bad Woerishofen op"]
[Site "?"]
[Date "2000.??.??"]
[Round "5"]
[White "Becka, Yaromir"]
[Black "Scheib, Ernst"]
[Result "1-0"]
[WhiteElo "1666"]
[BlackElo "1500"]
[Annotator "ChessOrg"]
[PlyCount "61"]
[EventDate "2000.??.??"]
[Source "ChessBase"]
[SourceDate "1998.04.29"]

1. d4 Nf6 2. c4 e6 3. Qc2 d5 4. e3 b6 5. a3 Bb7 6. Nd2 Nbd7 7. Ngf3 c5 8. dxc5
Nxc5 9. b4 Nce4 10. Qa4+ Qd7 11. Qxd7+ Kxd7 12. Bb2 Nxd2 13. Nxd2 Be7 14. f3
Rac8 15. Bd3 h6 16. O-O Rhd8 17. cxd5 exd5 18. Bf5+ Ke8 19. Bxc8 Rxc8 20. Rac1
Kd7 21. Rxc8 Kxc8 22. Rc1+ Kd7 23. Be5 Bd8 24. Nb3 Ne8 25. Nd4 f6 26. Bg3 a6
27. a4 Ba8 28. h4 g6 29. Kf2 Nd6 30. Bxd6 Kxd6 31. Rc8 1-0

[Event "Bad Woerishofen op"]
[Site "?"]
[Date "2000.??.??"]
[Round "7"]
[White "Becka, Yaromir"]
[Black "Michalowski, Richard"]
[Result "0-1"]
[WhiteElo "1666"]
[BlackElo "1591"]
[Annotator "ChessOrg"]
[PlyCount "122"]
[EventDate "2000.??.??"]
[Source "ChessBase"]
[SourceDate "1998.04.29"]

1. d4 Nf6 2. c4 e6 3. e3 b6 4. a3 Bb7 5. Nd2 Be7 6. Ngf3 O-O 7. Qc2 d6 8. Bd3
h6 9. O-O Nbd7 10. b4 c5 11. dxc5 dxc5 12. b5 Qc7 13. Bb2 Bd6 14. Rad1 Rad8 15.
h3 Rfe8 16. e4 e5 17. Nh4 g6 18. Ndf3 Kg7 19. Bc1 Ng8 20. g4 Nf8 21. Kg2 Ne6
22. Kh1 Rd7 23. Rg1 Red8 24. Nf5+ Kh7 25. N5h4 Be7 26. Bb2 f6 27. Bc1 Rxd3 28.
Rxd3 Bxe4 29. Rgd1 Nd4 30. Qc3 Qb7 31. Kh2 Bxf3 32. Nxf3 Nxf3+ 33. Kg3 Rxd3 34.
Rxd3 Nd4 35. Qe1 e4 36. Rc3 Bd6+ 37. Bf4 Bxf4+ 38. Kxf4 Qc7+ 39. Ke3 Qe5 40. a4
f5 41. Kd2 f4 42. Kc1 Nf6 43. Kb1 Nd7 44. a5 Nf3 45. Qc1 Qd4 46. axb6 axb6 47.
Ra3 Nd2+ 48. Ka2 Nxc4 49. Ra7 Qxf2+ 50. Kb3 Na5+ 51. Rxa5 bxa5 52. Qc4 Ne5 53.
Qe6 c4+ 54. Ka3 Qc5+ 55. Ka2 Qxb5 56. Qe7+ Kg8 57. Qe6+ Kg7 58. Qe7+ Nf7 59.
Qxe4 Qb3+ 60. Ka1 Qa3+ 61. Kb1 Qd3+ 0-1

[Event "Bad Woerishofen op"]
[Site "Bad Woerishofen"]
[Date "2000.??.??"]
[Round "9"]
[White "Becka, Yaromir"]
[Black "Braeu, Emmi"]
[Result "0-1"]
[WhiteElo "1666"]
[BlackElo "1488"]
[Annotator "ChessOrg"]
[PlyCount "108"]
[EventDate "1998.03.05"]
[Source "ChessBase"]
[SourceDate "1998.04.29"]

1. d4 d5 2. c4 c6 3. e3 Nf6 4. Nd2 Bf5 5. Ngf3 Nbd7 6. a3 h6 7. b4 e6 8. Bb2
Be7 9. Be2 dxc4 10. Nxc4 O-O 11. O-O b6 12. Rc1 Rc8 13. h3 Ne4 14. Nce5 c5 15.
Nxd7 Qxd7 16. Ne5 Qd6 17. bxc5 bxc5 18. Qa4 Qb8 19. Ba1 Qc7 20. Bb5 Bd6 21. f4
g5 22. g4 Bh7 23. f5 exf5 24. gxf5 Ng3 25. Nd7 Nxf1 26. Nf6+ Kh8 27. d5 Bh2+
28. Kxf1 Be5 29. Qe4 Bxa1 30. Rxa1 Qg3 31. Nxh7 Kxh7 32. f6+ Kg8 33. Bd3 Qxh3+
34. Ke2 Qh2+ 35. Kd1 Qg1+ 36. Kc2 Qf2+ 37. Kd1 Qg1+ 38. Ke2 Qh2+ 39. Ke1 Qg1+
40. Kd2 Qf2+ 41. Kc1 Qe1+ 42. Kc2 Qf2+ 43. Kb3 c4+ 44. Bxc4 Qxf6 45. Rf1 Rb8+
46. Ka4 Qg7 47. Qd3 Kh8 48. e4 Rbd8 49. Rf5 g4 50. Qg3 Rc8 51. Bb5 Rc3 52. Qg1
g3 53. d6 g2 54. e5 Qg4+ 0-1

[Event "Bad Woerishofen op"]
[Site "?"]
[Date "2000.??.??"]
[Round "2"]
[White "Betz, Egon"]
[Black "Zunker, Reinhard"]
[Result "1-0"]
[WhiteElo "1910"]
[BlackElo "2226"]
[Annotator "ChessOrg"]
[PlyCount "53"]
[EventDate "2000.??.??"]
[Source "ChessBase"]
[SourceDate "1998.04.29"]

1. e4 g6 2. d4 Bg7 3. f4 d6 4. Nc3 c6 5. Nf3 Bg4 6. e5 d5 7. h3 Bd7 8. Bd3 e6
9. Be3 b5 10. O-O Ne7 11. Qd2 Qb6 12. b4 a5 13. a3 O-O 14. g4 Rc8 15. Ne2 Rc7
16. Qe1 Rca7 17. bxa5 Rxa5 18. Bd2 Ra4 19. Bb4 Bf8 20. Qh4 Qd8 21. f5 Na6 22.
Ng5 h6 23. Nxf7 g5 24. Nxh6+ Bxh6 25. Qxh6 Nxf5 26. gxf5 Nxb4 27. f6 1-0

[Event "Bad Woerishofen op"]
[Site "?"]
[Date "2000.??.??"]
[Round "3"]
[White "Betz, Egon"]
[Black "Neese, Hans-Joachim"]
[Result "0-1"]
[WhiteElo "1910"]
[BlackElo "2150"]
[Annotator "ChessOrg"]
[PlyCount "106"]
[EventDate "2000.??.??"]
[Source "ChessBase"]
[SourceDate "1998.04.29"]

1. e4 c5 2. Nf3 d6 3. c3 Qc7 4. Be2 Nf6 5. O-O Nbd7 6. d3 e6 7. Nbd2 Be7 8. Re1
O-O 9. Bf1 b6 10. b3 Bb7 11. Bb2 Rfe8 12. Rc1 Rad8 13. d4 a6 14. Bd3 e5 15. d5
b5 16. c4 b4 17. g3 Ra8 18. Nh4 g6 19. Ng2 Nh5 20. Be2 Ndf6 21. f4 Bc8 22. fxe5
dxe5 23. Ne3 Ng7 24. Ng4 Nxg4 25. Bxg4 Bg5 26. Rc2 f6 27. Bxc8 Qxc8 28. Kg2 Rd8
29. Qf3 Ne8 30. Nf1 a5 31. Ne3 a4 32. Ng4 h5 33. Nf2 axb3 34. axb3 Ra2 35. Nd3
Bh6 36. Rf2 Bg7 37. Ref1 Ra7 38. Qe3 Ra5 39. Bc1 Nd6 40. Nb2 Qg4 41. Re1 h4 42.
h3 Qxg3+ 43. Qxg3 hxg3 44. Kxg3 f5 45. exf5 gxf5 46. Bg5 Re8 47. Kh2 Kf7 48.
Na4 e4 49. Be3 Be5+ 50. Kh1 Bg3 51. Bxc5 Rxc5 52. Ref1 Bxf2 53. Rxf2 e3 0-1